Quel est le cours d'eau qui traverse cette ville ? - Statistiques

Statistiques générales
  • Ce quiz a été pris 45 fois
  • Le résultat moyen est 17 sur 25
Statistiques - réponses
Hint Réponse % Correct
Avignon Rhône
88%
Amboise Loire
85%
Levallois-Perret Seine
85%
Blois Loire
80%
Arles Rhône
80%
Valence Rhône
80%
Vienne Rhône
80%
Saumur Loire
78%
Bergerac Dordogne
76%
Apatou Maroni
76%
Mâcon Saône
76%
Sedan Meuse
71%
Marmande Garonne
63%
Nevers Loire
63%
Muret Garonne
61%
Roanne Loire
61%
Melun Seine
61%
Agen Garonne
59%
Montereau-Fault-Yonne Seine
59%
Troyes Seine
54%
Mende Lot
51%
Vernon Seine
51%
Château-Thierry Marne
49%
Libourne Dordogne
46%
Guilherand-Granges Rhône
29%
Aucun quiz correspondant
Distribution des résultats
% des personnes avec chaque résultat
Percentile par nombre de réponses
Votre historique - résultats
Vous n’avez pas pris ce quiz